000 00622nam a2200217 4500
003 OSt
005 20240708021928.0
006 a
008 240708b |||||||| |||| 00| 0 eng d
020 _a9812323074
040 _aDWCL-Main lib.
_cOC
082 _aCirc. 951 F395c 2002
100 _aFerroa, Peggy
245 _aChina /
260 _aSingapore :
_bTimes Books International,
_cc2002.
300 _b144 p. : col. ill. ;
_c23 cm.
490 _3Cultures of the World
504 _aIncludes bibliographical references and index.
650 _a1. China-Social life and customs.
942 _2ddc
_n0
_cBK-CIRC
_kCirc.
999 _c2078
_d2078